000 01943nam a2200433 a 4500
001 ebr10528278
003 CaPaEBR
006 m u
007 cr cn|||||||||
008 110131s2011 iluaf sb 001 0deng d
010 _z 2011003166
020 _z9780809330454 (cloth alk. paper)
020 _z0809330458 (cloth alk. paper)
020 _z9780809390656 (e-book)
040 _aCaPaEBR
_cCaPaEBR
035 _a(OCoLC)775361462
043 _an-us---
_an-us-il
_an-us-ny
050 1 4 _aE457.2
_b.B68 2011eb
082 0 4 _a973.7092/2
_aB
_222
100 1 _aBorchard, Gregory A.
245 1 0 _aAbraham Lincoln and Horace Greeley
_h[electronic resource] /
_cGregory A. Borchard.
260 _aCarbondale :
_bSouthern Illinois University Press,
_cc2011.
300 _axi, 139 p., [12] p. of plates :
_bill.
490 1 _aConcise Lincoln library
504 _aIncludes bibliographical references and index.
505 0 _aAbraham Lincoln and Horace Greeley remembered -- Self-made men -- Thirtieth congressmen -- Free soil, free labor, free speech, free men -- A fight for union and for freedom -- Re-remembering Lincoln and Greeley.
533 _aElectronic reproduction.
_bPalo Alto, Calif. :
_cebrary,
_d2013.
_nAvailable via World Wide Web.
_nAccess may be limited to ebrary affiliated libraries.
600 1 0 _aLincoln, Abraham,
_d1809-1865.
600 1 0 _aGreeley, Horace,
_d1811-1872.
650 0 _aPresidents
_zUnited States
_vBiography.
650 0 _aPoliticians
_zUnited States
_vBiography.
650 0 _aJournalists
_zUnited States
_vBiography.
650 0 _aNewspaper editors
_zUnited States
_vBiography.
651 0 _aUnited States
_xPolitics and government
_y1861-1865.
655 7 _aElectronic books.
_2local
710 2 _aebrary, Inc.
830 0 _aConcise Lincoln library.
856 4 0 _uhttp://site.ebrary.com/lib/rucke/Doc?id=10528278
_zAn electronic book accessible through the World Wide Web; click to view
999 _c145813
_d145813